القانون البحري : (رقم التسجيلة. 31285)

تفاصيل مارك
000 -LEADER
fixed length control field 00547nam a22001697a 4500
005 - DATE AND TIME OF LATEST TRANSACTION
control field 20251108165803.0
008 - FIXED-LENGTH DATA ELEMENTS--GENERAL INFORMATION
fixed length control field 250721s1997 xx 000 0 ara d
082 14 - DEWEY DECIMAL CLASSIFICATION NUMBER
Classification number م/341.57/كما
100 1# - MAIN ENTRY--PERSONAL NAME
Personal name حمدي، كمال
245 10 - TITLE STATEMENT
Title القانون البحري :
Remainder of title السفينة - أشخاص الملاحة البحرية ... /
264 1# - PRODUCTION, PUBLICATION, DISTRIBUTION, MANUFACTURE, AND COPYRIGHT NOTICE
Place of production, publication, distribution, manufacture الإسكندرية :
Name of producer, publisher, distributor, manufacturer منشأة المعارف،
Date of production, publication, distribution, manufacture, or copyright notice 1997.
300 ## - PHYSICAL DESCRIPTION
Extent 900ص
650 17 - SUBJECT ADDED ENTRY--TOPICAL TERM
Topical term or geographic name as entry element القانون البحري
650 17 - SUBJECT ADDED ENTRY--TOPICAL TERM
Topical term or geographic name as entry element النقل البحري
942 ## - ADDED ENTRY ELEMENTS (KOHA)
Source of classification or shelving scheme Dewey Decimal Classification
Koha item type مراجع
المقتنيات
حالة السحب حالة الفقدان مصدر التصنيف حالة التلف غير قابل للإعارة المكتبة الرئيسية المكتبة الحالية موقع الرف تاريخ التزويد الرقم المتسلسل Total Checkouts رقم الإستدعاء الباركود تاريخ آخر ظهور تاريخ الفاتورة نوع المادة (كوها)
    Dewey Decimal Classification   Not For Loan المكتبة المركزية المكتبة المركزية مراجع 06/07/2004 336665   م/341.57/كما 336665 28/07/2025 06/07/2004 مراجع
    Dewey Decimal Classification   Not For Loan مكتبة صويلح العامة مكتبة صويلح العامة مراجع 06/07/2004 336666   م/341.57/كما DUP-01_336666 28/07/2025 06/07/2004 مراجع
    Dewey Decimal Classification   Not For Loan مكتبة صويلح العامة مكتبة صويلح العامة مراجع 06/07/2004 336666   م/341.57/كما DUP-02_336666 28/07/2025 06/07/2004 مراجع
Implemented & Customized by: BBB with SCIT (Smart Chains for Information Technology)

Powered by Koha